000 00421cam a2200157ua 4500
041 _aeng
_h
082 _a822
_bJOH/CO
100 _aJohnson, Ben .
245 _aComplete plays /
_cBen Johnson.
_hTextual Documents
260 _aLondon :
_bJ M Dent and Sons Ltd ,
_c1960.
300 _a737 ; .
440 0 _aEveryman`s Library,
_v490
_x;
490 0 _aEveryman`s Library,
_v490
_x;
942 _cBK
999 _c4465
_d4465